MAASAI MARA UNIVERSITY

LIBRARY CATALOGUE

Contact Us: +254 020 2685356/7 or 0774 057787

Box: 861-20500, NAROK, KENYA

Email: info@mmarau.ac.ke

Adam, Eve, and the serpent / (Record no. 20716)

MARC details
000 -LEADER
fixed length control field 01024nam a22002777a 4500
003 - CONTROL NUMBER IDENTIFIER
control field OSt
005 - DATE AND TIME OF LATEST TRANSACTION
control field 20170518101828.0
008 - FIXED-LENGTH DATA ELEMENTS--GENERAL INFORMATION
fixed length control field 170112b xxu||||| |||| 00| 0 eng d
010 ## - LIBRARY OF CONGRESS CONTROL NUMBER
LC control number 89040147
040 ## - CATALOGING SOURCE
Original cataloging agency MMU
Transcribing agency MMU
Modifying agency MMU
Language of cataloging eng
050 10 - LIBRARY OF CONGRESS CALL NUMBER
Classification number BS2545.S36
Item number P34 1989
082 00 - DEWEY DECIMAL CLASSIFICATION NUMBER
Classification number 241/.66/09015
Edition number 20
100 1# - MAIN ENTRY--PERSONAL NAME
Personal name Pagels, Elaine H.,
Dates associated with a name 1943-
245 10 - TITLE STATEMENT
Title Adam, Eve, and the serpent /
Statement of responsibility, etc. Elaine Pagels.
250 ## - EDITION STATEMENT
Edition statement 1st Vintage Books ed.
260 ## - PUBLICATION, DISTRIBUTION, ETC. (IMPRINT)
Place of publication, distribution, etc. New York :
Name of publisher, distributor, etc. Vintage Books,
Date of publication, distribution, etc. 1989, c1988.
300 ## - PHYSICAL DESCRIPTION
Extent xxviii, 189 p. ;
Dimensions 20 cm.
500 ## - GENERAL NOTE
General note Reprint. Originally published: New York : Random House, 1988.
500 ## - GENERAL NOTE
General note Includes index.
504 ## - BIBLIOGRAPHY, ETC. NOTE
Bibliography, etc Bibliography: p. 155-175.
630 00 - SUBJECT ADDED ENTRY--UNIFORM TITLE
Uniform title Bible.
Name of part/section of a work New Testament
General subdivision Criticism, interpretation, etc.
650 #0 - SUBJECT ADDED ENTRY--TOPICAL TERM
Topical term or geographic name as entry element Sex
General subdivision Biblical teaching.
650 #0 - SUBJECT ADDED ENTRY--TOPICAL TERM
Topical term or geographic name as entry element Sex
General subdivision Religious aspects
-- Christianity
-- History of doctrines
Chronological subdivision Early church, ca. 30-600.
856 42 - ELECTRONIC LOCATION AND ACCESS
Materials specified Publisher description
Uniform Resource Identifier <a href="http://www.loc.gov/catdir/description/random042/89040147.html">http://www.loc.gov/catdir/description/random042/89040147.html</a>
942 ## - ADDED ENTRY ELEMENTS (KOHA)
Source of classification or shelving scheme Library of Congress Classification
Koha item type L

No items available.

© 2016 Maasai Mara University.